| 000 | 00648nam a2200217 4500 | ||
|---|---|---|---|
| 003 | OSt | ||
| 005 | 20240614023040.0 | ||
| 006 | a | ||
| 008 | 240614b |||||||| |||| 00| 0 eng d | ||
| 020 | _a9781403994615 | ||
| 040 |
_aDWCL-Main lib. _cOC |
||
| 082 | _aCirc. 821.009 B799p 2010 | ||
| 100 | _aBradford, Richard | ||
| 245 | _aPoetry : the ultimate guide / | ||
| 260 |
_aNew York : _bPlagrave Macmillan, _cc2010. |
||
| 300 |
_avii, _b270 p. : ill. ; _c23 m. |
||
| 504 | _aIncludes bibliographical references & index. | ||
| 650 | _a1. English poetry–History and criticism. | ||
| 700 | _aRichard Bradford | ||
| 942 |
_2ddc _n0 _cBK-CIRC _kCirc. |
||
| 999 |
_c678 _d678 |
||